000 00764nam a2200265Ia 4500
003 OSt
005 20220923214557.0
006 a|||||r|||| 00| 0
007 ta
008 220922b |||||||| |||| 00| 0 hin d
024 _a171,011
037 _cTextual
040 _aARTS
_cARTS
_bhin
041 _2hin
_ahin
082 _aO152:3N14x, J4;K6
100 _aयशपाल
245 0 _aज्ञानदान
246 _aJnyānadāna
250 _aसंस्क0 6
260 _aलखनऊ
_b विप्लव प्रका0
_c1966
300 _a130पृ.
_ccm.
490 _aविप्लव पुस्तकमाला; 8
942 _hO152:3N14x, J4;K6
_cTEXL
_2CC
999 _c325251
_d325251